000
00208 a2200097 4500
001
42948
100
_a
Eden
245
_a
Memories of Sir Anthony eden
260
_a
London
_b
Cassell
_c
090
_c
26829
_d
26829
942
_a
NUST-CAE
_c
M
_c
18701
999
_c
278021
_d
278021